| 000 | 00801cam a2200253 i 4500 | ||
|---|---|---|---|
| 001 | 112751 | ||
| 005 | 20230410103831.0 | ||
| 008 | 130829b2011 ch a 000 0 eng | ||
| 020 | _a9789881944511 | ||
| 041 | 0 | _aeng | |
| 049 | _aGRAL | ||
| 050 | 1 | 4 |
_a408 DS 734.9 _bB126S 2011 |
| 082 | 0 | 0 | _a951/.007/2024 |
| 245 | 0 | 0 |
_aDécadence Mandchoue : _bthe China Memoirs of Edmund Trelawny Backhouse / _cedited and introduced by Derek Sandhaus. |
| 260 |
_aHong Kong : _bEarnshaw Books, _c2011 |
||
| 300 | _axxx, 297 p. | ||
| 504 | _aIncluye tabla de contenido | ||
| 600 | 1 | 0 |
_aBackhouse, E. _q(Edmund), _cSir, _d1873-1944. |
| 650 | 0 |
_aAsianists _zGreat Britain _vBiography. |
|
| 650 | 0 |
_aSinologists _zGreat Britain _vBiography. |
|
| 700 | 1 | _aSandhaus, Derek ; ed. | |
| 942 |
_2lcc _cbk |
||
| 946 | _aYSL | ||
| 999 |
_c26716 _d26716 |
||